| 000 | 003760000a22001690004500 | ||
|---|---|---|---|
| 005 | 20120302062409.0 | ||
| 942 | _cBOOK | ||
| 100 | _a Bhagawat,A.L. | ||
| 245 | _a Maayepaasun Dur Dur | ||
| 260 | _aPune:Aananda Sane,1980. | ||
| 300 | _a102p. | ||
| 040 | _aMAR | ||
| 365 | _b12/- | ||
| 650 | _aTatvadnyaan | ||
| 650 | _aParaamaanas Shaastra | ||
| 650 | _aParamansashastra | ||
| 999 |
_c356593 _d356590 |
||